00608 2200229 4500001002100000005001700021008004100038035002400079082001200103084001900115100002200134245004300156250001100199260003300210300002500243500004200268650001000310850001200320990001600332990001600348990001400364YOGYA-0209000005954220161221171158.0 ind  0010-020900000059542 a796.342 a796.342bKin R aKING, Billie Jean aRahasia sang juara /cBillie Jean King aCet. 3 aSemarangbDahara Prizec1991 a120 hlmbilusc20 cm aJudul asli: Secrets of winning tennis aTenes aYOPDYOG a114500-P/98 a114502-P/98 a1445-P/99